|
003 -Nazwa inst., której nr kontr. jest w polu 001 [,]
|
-
- @
- Nazwa instytucji, której n kontrolny jest w polu 001
- NUKAT
|
|
005 -DATA I CZAS OSTATNIEJ MODYFIKACJI [,]
|
-
- @
- pole kontrolne
- 20241231095530.0
|
|
020 -Międzynarod. znormalizowany nr książki - ISBN [ , ]
|
-
- a
- Numer ISBN
- 8320813174
-
|
|
020 -Międzynarod. znormalizowany nr książki - ISBN [ , ]
|
-
- a
- Numer ISBN
- 8320813166
|
|
040 -Instytucja sporządzająca opis [ , ]
|
-
- a
- Instytucja, która sporządziła opis (NP)
- KR 93/MD
-
- b
- Język katalogowania
- pol
-
- e
- Zasady katalogowania
- rda
-
- c
- Instytucja, która sporządziła rekord (NP)
- KR 93/MD
-
- d
- Instytucja, która zmodyfikowała rekord (P)
- KR 93/ZP
-
- d
- Instytucja, która zmodyfikowała rekord (P)
- KR 93/MKs
-
- d
- Instytucja, która zmodyfikowała rekord (P)
- WA 14/DG
-
- d
- Instytucja, która zmodyfikowała rekord (P)
- GL 001/FAN
-
- d
- Instytucja, która zmodyfikowała rekord (P)
- GL 001/FAK
|
|
041 -Język dokumentu [1, ]
|
-
- a
- Język tekstu (P)
- polski
-
- h
- Język tekstu oryginalnego i/lub pośredniego (P)
- angielski
|
|
942 -Rodzaj dokumentu [ , ]
|
-
- c
- Rodzaj dokumentu
- Książka
|
|
240 -Tytuł ujednolicony [1,0]
|
-
- a
- Tytuł ujednolicony
- Investment analysis and portfolio management
-
-
|
|
245 -Strefa tytułu i oznaczenia odpowiedzialności [1,0]
|
-
- a
- Tytuł
- Analiza inwestycji i zarządzanie portfelem.
-
- n
- Oznaczenie części (P)
- 2 /
-
- c
- Pozostałe elementy strefy tytułu i oznaczenia odpowiedzialności (NP)
- Frank K. Reilly, Keith C. Brown ; redakcja naukowa przekładu Alojzy Z. Nowak ; tłumaczenie Alojzy Z. Nowak, Beata Pułaska-Turyna, Jan Turyna, Waldemar Kozioł, Jan Rak, Jerzy Żyżyński, Piotr Szczepankowski, Wojciech Kuryłek.
|
|
260 -Strefa adresu wydawniczego [ , ]
|
-
- a
- Miejsce wydania (P)
- Warszawa :
-
- b
- Nazwa wydawcy (P)
- Polskie Wydawnictwo Ekonomiczne,
-
|
|
700 -Hasło dodatkowe - nazwa osobowa [1, ]
|
-
- a
- Nazwa osobowa (NP)
- Brown, Keith C.
-
- e
- Określenie rodzaju współpracy
- Autor
-
|
|
700 -Hasło dodatkowe - nazwa osobowa [1, ]
|
-
- a
- Nazwa osobowa (NP)
- Nowak, Alojzy Zbigniew
-
- d
- Daty biograficzne (NP)
- (1956- ).
-
- e
- Określenie rodzaju współpracy
- Redakcja
-
- e
- Określenie rodzaju współpracy
- Tłumaczenie
-
|
|
700 -Hasło dodatkowe - nazwa osobowa [1, ]
|
-
- a
- Nazwa osobowa (NP)
- Pułaska-Turyna, Beata.
-
- e
- Określenie rodzaju współpracy
- Tłumaczenie
-
|
|
700 -Hasło dodatkowe - nazwa osobowa [1, ]
|
-
- a
- Nazwa osobowa (NP)
- Turyna, Jan
-
- d
- Daty biograficzne (NP)
- (1949- ).
-
- e
- Określenie rodzaju współpracy
- Tłumaczenie
-
|
|
700 -Hasło dodatkowe - nazwa osobowa [1, ]
|
-
- a
- Nazwa osobowa (NP)
- Kozioł, Waldemar.
-
- e
- Określenie rodzaju współpracy
- Tłumaczenie
-
|
|
700 -Hasło dodatkowe - nazwa osobowa [1, ]
|
-
- a
- Nazwa osobowa (NP)
- Rak, Jan
-
- d
- Daty biograficzne (NP)
- ( -2020).
-
- e
- Określenie rodzaju współpracy
- Tłumaczenie
-
|
|
700 -Hasło dodatkowe - nazwa osobowa [1, ]
|
-
- a
- Nazwa osobowa (NP)
- Żyżyński, Jerzy
-
- d
- Daty biograficzne (NP)
- (1949- ).
-
- e
- Określenie rodzaju współpracy
- Tłumaczenie
-
|
|
700 -Hasło dodatkowe - nazwa osobowa [1, ]
|
-
- a
- Nazwa osobowa (NP)
- Szczepankowski, Piotr.
-
- e
- Określenie rodzaju współpracy
- Tłumaczenie
-
|
|
700 -Hasło dodatkowe - nazwa osobowa [1, ]
|
-
- a
- Nazwa osobowa (NP)
- Kuryłek, Wojciech.
-
- e
- Określenie rodzaju współpracy
- Tłumaczenie
-
|
|
710 -Hasło dodatkowe - nazwa ciała zbiorowego [2, ]
|
-
- a
- Nazwa ciała zbiorowego lub nazwa geograficzna jako pierwszy element (NP)
- Polskie Wydawnictwo Ekonomiczne.
-
- e
- Rodzaj współpracy
- Wydawca
-
-
|